| 000 | 00616nam a2200193Ia 4500 | ||
|---|---|---|---|
| 003 | PILC | ||
| 005 | 20160205074025.0 | ||
| 008 | 140321s9999 xx 000 0 und d | ||
| 020 | _a9710412464 | ||
| 050 |
_aBF 441 _b.V726 2013 |
||
| 100 | _aVillasoto, Herminigildo S. | ||
| 245 |
_aLogic and critical thinking / _cHerminigildo S. Villasoto, Leonardo E. Dollentas and Nestor G. Limqueco. |
||
| 260 |
_aMandaluyong City : _bBooks Atpb. Pub., _c2013. |
||
| 300 |
_a288 pages ; _c22 cm. |
||
| 500 | _aIncludes bibliographical references. | ||
| 650 | _aCritical thinking. | ||
| 942 |
_kLOC _cBK _2lcc |
||
| 999 |
_c48439 _d48439 |
||